English Streamline - Connections (Workbook B)

Salvato in:
Dettagli Bibliografici
Autore principale: Bernard Hartley
Natura: Libro
Lingua:Undetermined
Pubblicazione: Oxford Oxford Univ. Press 1995
Soggetti:
Tags: Aggiungi Tag
Nessun Tag, puoi essere il primo ad aggiungerne! !
Thư viện lưu trữ: Trung tâm Học liệu Trường Đại học Cần Thơ
LEADER 00605nam a2200193Ia 4500
001 CTU_27688
008 210402s9999 xx 000 0 und d
020 |b 18.000đ 
082 |a 428.076 
082 |b H332B/1995 
100 |a Bernard Hartley 
245 0 |a English Streamline - Connections (Workbook B) 
245 0 |c Bernard Hartley, Peter Viney 
260 |a Oxford 
260 |b Oxford Univ. Press 
260 |c 1995 
650 |a english language - problems, exercises, etc,english language - study and teaching 
904 |i Minh, 981231 
980 |a Trung tâm Học liệu Trường Đại học Cần Thơ